000 00683nam a2200229 a 4500
001 13571
003 BD-JhCC
005 20240229083124.0
008 240229b2000 bg |||| ||a 000 0 ben d
020 _a9848371979
035 _a(BD-JhCC)13571
040 _aBD-JhCC
_dBD-JhCC
041 _aBengali
082 _a891.4415
_bSAH 2000
100 _a সাহা,মহাদেব
245 _aঅনেক ‍দিনের বিষাদ আছে মনে /
_cমহাদেব সাহা ।
260 _aঢাকা:
_bকাকলী প্রকাশনী;
_c2000.
300 _a48 p. :
_c22 cm
650 _aBengali poetry.
942 _2ddc
_cBK
999 _c13571
_d13571